000 01202cam a22003374a 4500
001 13564574
003 OSt
005 20161102141710.0
008 040420s2003 enka b 001 0 eng c
010 _a 2004271821
015 _aGBA3-Y1509
020 _a034080971X
040 _aUKM
_cUKM
_dDLC
042 _apcc
050 0 0 _aRJ50
_b.R935 2003
060 0 0 _a2003 M-872
060 1 0 _aWS 18.2
_bR989c 2003
082 0 0 _aWS18 R952c 2003
_222
100 1 _aRyan, Steven.;Jackie, Gregg; Leena Patel.
_94446
245 1 0 _aCore paediatrics :
_ba problem-solving approach
260 _aLondon ;
_bOxford University Press,
_c2003.
300 _ax, 438 p. :
_bcol. ill. ;
_c25 cm.
504 _aIncludes bibliographical references and index.
650 0 _aPediatrics
_94448
650 1 2 _aMCQs
_94451
856 4 2 _3Publisher description
_uhttp://www.loc.gov/catdir/enhancements/fy0620/2004271821-d.html
856 4 1 _3Table of contents only
_uhttp://www.loc.gov/catdir/enhancements/fy0620/2004271821-t.html
856 4 2 _3Contributor biographical information
_uhttp://www.loc.gov/catdir/enhancements/fy1302/2004271821-b.html
906 _a7
_bcbc
_cpccadap
_d3
_encip
_f20
_gy-gencatlg
942 _2z
_cSLOAN
999 _c1684
_d1684